| 000 | 00604nam a2200169 a 4500 | ||
|---|---|---|---|
| 090 |
_aIAVH _b01299 CD-11 |
||
| 041 | _aspa | ||
| 245 | _aTalleres PAB Córdoba | ||
| 249 | _aInforme de actividades de apoyo en los eventos de socialización y retroalimentación del PAB Córdoba | ||
| 260 |
_aMontería _bIAVH _bCVS _c2008 |
||
| 300 | _a1 CD | ||
| 505 | _aPrimer y segundo taller PAB | ||
| 650 |
_aPlanes de manejo _992725 |
||
| 650 |
_aTalleres de capacitación _95497 |
||
| 662 | _bCórdoba | ||
| 773 | _tInforme de actividades de apoyo en los eventos de socialización y retroalimentación del PAB Córdoba | ||
| 999 |
_c7222 _d7222 |
||